<?xml version="1.0" encoding="UTF-8"?>
<collection xmlns="http://www.loc.gov/MARC21/slim">
<record>
  <controlfield tag="001">170489</controlfield>
  <controlfield tag="005">20260424111320.0</controlfield>
  <datafield tag="037" ind1=" " ind2=" ">
    <subfield code="a">TESIS-2026-026</subfield>
  </datafield>
  <datafield tag="041" ind1=" " ind2=" ">
    <subfield code="a">spa</subfield>
  </datafield>
  <datafield tag="100" ind1="1" ind2=" ">
    <subfield code="a">Mur Mur, Carlota</subfield>
  </datafield>
  <datafield tag="245" ind1="0" ind2="0">
    <subfield code="a">CO2 como materia prima para la producción de materiales inorgánicos de alto valor añadido </subfield>
  </datafield>
  <datafield tag="260" ind1=" " ind2=" ">
    <subfield code="a">Zaragoza</subfield>
    <subfield code="b">Universidad de Zaragoza, Prensas de la Universidad</subfield>
    <subfield code="c">2025</subfield>
  </datafield>
  <datafield tag="300" ind1=" " ind2=" ">
    <subfield code="a">58</subfield>
  </datafield>
  <datafield tag="490" ind1="0" ind2=" ">
    <subfield code="a">Tesis de la Universidad de Zaragoza</subfield>
    <subfield code="x">2254-7606</subfield>
    <subfield code="v">2026-26</subfield>
  </datafield>
  <datafield tag="500" ind1=" " ind2=" ">
    <subfield code="a">Presentado:  26 11 2025</subfield>
  </datafield>
  <datafield tag="502" ind1=" " ind2=" ">
    <subfield code="a">Tesis-Univ. Zaragoza,  , 2025</subfield>
    <subfield code="b">Zaragoza, Universidad de Zaragoza</subfield>
    <subfield code="c">2025</subfield>
  </datafield>
  <datafield tag="520" ind1=" " ind2=" ">
    <subfield code="a">El desarrollo socioeconómico y el incremento del consumo energético han conllevado un aumento significativo en las emisiones de gases de efecto invernadero (GEI). Entre estos el dióxido de carbono (CO2) es el principal responsable, representando aproximadamente el 80 % de las emisiones globales en el periodo de 1990-2022 según recoge el Ministerio para la Transición Ecológica y el Reto Demográfico (MITECO).&lt;br />En este contexto, la revalorización del CO2 como materia prima en procesos industriales representa una estrategia prometedora para mitigar su impacto ambiental, coincidiendo con los objetivos de las tecnologías CAUC (Captura, Almacenamiento y Uso del CO2). Su integración en procesos productivos puede permitir la sustitución de reactivos convencionales que, en muchos casos, son tóxicos, inflamables o presentan una elevada huella ambiental debido a su extracción y procesamiento.&lt;br />El desarrollo de estudios que promuevan y evalúen la reutilización de este gas ha adquirido una relevancia creciente en el ámbito industrial. Actualmente, el dióxido de carbono se emplea en aplicaciones como la regulación del pH en el tratamiento de aguas y residuos, así como en la carbonatación de bebidas. No obstante, su aprovechamiento como insumo en procesos industriales a gran escala continúa siendo un desafío, debido principalmente a las limitaciones impuestas por los fenómenos de transferencia de masa y energía que limitan el rendimiento de la&lt;br />reacción.&lt;br />El CO2 presenta múltiples ventajas como reactivo industrial, ya que es un gas no inflamable, no tóxico, ampliamente disponible y de bajo costo. Su valorización es coherente con los objetivos climáticos establecidos en el Plan Nacional Integrado de Energía y Clima 2021-2030, así como con el compromiso de la Unión Europea de alcanzar la neutralidad de carbono en 2050 en el marco del Pacto Verde Europeo.&lt;br />En este sentido, la relevancia de estos avances es aún mayor en el contexto local, ya que Zaragoza ha sido seleccionada como una de las 100 ciudades elegidas por la Comisión Europea para alcanzar el objetivo de cero emisiones en 2030, lo que refuerza la necesidad de impulsar soluciones innovadoras que reduzcan el impacto ambiental de este gas.&lt;br />El presente estudio se orienta hacia el desarrollo de tecnologías industriales destinadas a la revalorización del CO2 en la síntesis de materiales inorgánicos basados en Al3+ y Si4+, especialmente en la precipitación de hidróxido de aluminio amorfo (Al(OH)3) y sílice sintética amorfa (SiO2). Se busca también optimizar la eficiencia y la sostenibilidad de los procesos industriales mediante la intensificación de procesos (IP), como puede ser la sustitución de reactor de tipo batch por sistemas de precipitación continuos o semicontinuos.&lt;br />Una disolución eficiente del CO2 en agua favorece la formación del ácido carbónico, el cual genera un medio suficientemente ácido para la precipitación controlada de estos compuestos. Este enfoque permite sustituir ácidos más fuertes y corrosivos, como el ácido sulfúrico, minimizando la presencia de impurezas no deseadas en los productos obtenidos y eliminando la huella de carbono asociada a su producción y la peligrosidad del propio proceso. Asimismo, los productos obtenidos funcionan como sumideros tecnológicos de carbono, al favorecer la fijación de CO2 en una matriz carbonatada.&lt;br />Por otro lado, en consonancia con los principios de la economía circular, el estudio también contempla la reutilización de las aguas de lavado generadas durante los procesos de precipitación. Esta estrategia no solo reduce el consumo de agua, sino que también permite la recuperación de reactivos disueltos y la minimización de residuos líquidos, mejorando la sostenibilidad global del proceso.&lt;br />En conjunto, la presente propuesta contribuye a la transición hacia modelos de producción más sostenibles, alineados con los principios de la economía circular, promoviendo la reducción de residuos, la optimización del uso de recursos y la mejora de la eficiencia en procesos industriales clave.&lt;br /></subfield>
  </datafield>
  <datafield tag="506" ind1=" " ind2=" ">
    <subfield code="a">by-nc</subfield>
    <subfield code="b">Creative Commons</subfield>
    <subfield code="c">3.0</subfield>
    <subfield code="u">http://creativecommons.org/licenses/by-nc/3.0/es</subfield>
  </datafield>
  <datafield tag="520" ind1=" " ind2=" ">
    <subfield code="a">&lt;br /></subfield>
  </datafield>
  <datafield tag="521" ind1=" " ind2=" ">
    <subfield code="9">7103</subfield>
    <subfield code="a">Programa de Doctorado en Ingeniería Química y del Medio Ambiente</subfield>
  </datafield>
  <datafield tag="653" ind1="1" ind2=" ">
    <subfield code="a">revalorización de co2</subfield>
  </datafield>
  <datafield tag="653" ind1="1" ind2=" ">
    <subfield code="a">tecnologías cauc</subfield>
  </datafield>
  <datafield tag="653" ind1="1" ind2=" ">
    <subfield code="a">intensificación de procesos</subfield>
  </datafield>
  <datafield tag="653" ind1="1" ind2=" ">
    <subfield code="a">precipitación </subfield>
  </datafield>
  <datafield tag="653" ind1="1" ind2=" ">
    <subfield code="a">hidróxido de aluminio</subfield>
  </datafield>
  <datafield tag="653" ind1="1" ind2=" ">
    <subfield code="a">sílice sintética</subfield>
  </datafield>
  <datafield tag="653" ind1="1" ind2=" ">
    <subfield code="a">economía circular</subfield>
  </datafield>
  <datafield tag="700" ind1=" " ind2=" ">
    <subfield code="a">Menéndez Sastre, Miguel Alejandro </subfield>
    <subfield code="e">dir.</subfield>
  </datafield>
  <datafield tag="700" ind1=" " ind2=" ">
    <subfield code="a">Cacho Bailo, Luis Fernando </subfield>
    <subfield code="e">dir.</subfield>
  </datafield>
  <datafield tag="710" ind1="2" ind2=" ">
    <subfield code="a">Universidad de Zaragoza</subfield>
    <subfield code="b"> </subfield>
  </datafield>
  <datafield tag="830" ind1=" " ind2=" ">
    <subfield code="9">515</subfield>
  </datafield>
  <datafield tag="856" ind1="0" ind2=" ">
    <subfield code="f">cdeurop@unizar.es</subfield>
  </datafield>
  <datafield tag="856" ind1="4" ind2=" ">
    <subfield code="u">http://zaguan.unizar.es/record/170489/files/TESIS-2026-026.pdf</subfield>
    <subfield code="z">info:eu-repo/date/embargoEnd/2027-11-26</subfield>
    <subfield code="s">1554460</subfield>
  </datafield>
  <datafield tag="909" ind1="C" ind2="O">
    <subfield code="o">oai:zaguan.unizar.es:170489</subfield>
    <subfield code="p">driver</subfield>
    <subfield code="p">tesis</subfield>
  </datafield>
  <datafield tag="910" ind1="2" ind2=" ">
    <subfield code="a">Ingeniería y Arquitectura</subfield>
    <subfield code="b"> </subfield>
  </datafield>
  <datafield tag="691" ind1=" " ind2=" ">
    <subfield code="a">8 9 13</subfield>
  </datafield>
  <datafield tag="692" ind1=" " ind2=" ">
    <subfield code="a">Fomentar el crecimiento económico sostenido, inclusivo y sostenible, el empleo pleno y productivo, y el trabajo decente para todos.	 Desarrollar infraestructuras resilientes, promover la industrialización inclusiva y sostenible, y fomentar la innovación.	 Tomar medidas urgentes para combatir el cambio climático y sus efectos.</subfield>
  </datafield>
  <datafield tag="540" ind1=" " ind2=" ">
    <subfield code="9">info:eu-repo/semantics/embargoedAccess</subfield>
  </datafield>
  <datafield tag="980" ind1=" " ind2=" ">
    <subfield code="a">TESIS</subfield>
  </datafield>
</record>
</collection>